5HLuxD.jpg

KING HENRY VIII SENIOR AND PRIMARY SCHOOL LIBRARY OPAC

Guaranteed to bend your brain / (Record no. 2065)

000 -LEADER
fixed length control field 01176cam a22003497a 4500
001 - CONTROL NUMBER
control field 18964415
003 - CONTROL NUMBER IDENTIFIER
control field OSt
005 - DATE AND TIME OF LATEST TRANSACTION
control field 20230303120714.0
008 - FIXED-LENGTH DATA ELEMENTS--GENERAL INFORMATION
fixed length control field 160205r20081997enka j 000 0 eng
010 ## - LIBRARY OF CONGRESS CONTROL NUMBER
LC control number 2015458861
015 ## - NATIONAL BIBLIOGRAPHY NUMBER
National bibliography number GBA864049
Source bnb
016 7# - NATIONAL BIBLIOGRAPHIC AGENCY CONTROL NUMBER
Record control number 014607513
Source Uk
020 ## - INTERNATIONAL STANDARD BOOK NUMBER
International Standard Book Number 9781407105888 (pbk.)
035 ## - SYSTEM CONTROL NUMBER
System control number (OCoLC)ocn680484938
040 ## - CATALOGING SOURCE
Original cataloging agency Nz
Language of cataloging eng
Transcribing agency NZRPM
Modifying agency OCLCF
-- DLC
-- KH8
042 ## - AUTHENTICATION CODE
Authentication code lccopycat
082 04 - DEWEY DECIMAL CLASSIFICATION NUMBER
Classification number 510 POS
Edition number 22
100 1# - MAIN ENTRY--PERSONAL NAME
Personal name Poskitt, Kjartan.
Relator term author
245 10 - TITLE STATEMENT
Title Guaranteed to bend your brain /
Statement of responsibility, etc. Kjartan Poskitt ; [illustrations, Trevor Dunton, Rob Davis].
250 ## - EDITION STATEMENT
Edition statement New ed.
260 ## - PUBLICATION, DISTRIBUTION, ETC.
Place of publication, distribution, etc. London :
Name of publisher, distributor, etc. Scholastic,
Date of publication, distribution, etc. 2008.
300 ## - PHYSICAL DESCRIPTION
Extent 144 p. :
Other physical details ill. ;
Dimensions 20 cm.
500 ## - GENERAL NOTE
General note Originally published as Murderous maths: 1997.
650 #0 - SUBJECT ADDED ENTRY--TOPICAL TERM
Topical term or geographic name entry element Mathematics
Form subdivision Miscellanea
-- Juvenile literature.
650 #0 - SUBJECT ADDED ENTRY--TOPICAL TERM
Topical term or geographic name entry element Mathematics
Form subdivision Juvenile humor.
650 #7 - SUBJECT ADDED ENTRY--TOPICAL TERM
Topical term or geographic name entry element Mathematics.
Source of heading or term fast
Authority record control number or standard number (OCoLC)fst01012163
700 1# - ADDED ENTRY--PERSONAL NAME
Personal name Dunton, Trevor.
Relator term illustrator
700 1# - ADDED ENTRY--PERSONAL NAME
Personal name Poskitt, Kjartan.
Title of a work Murderous maths.
906 ## - LOCAL DATA ELEMENT F, LDF (RLIN)
a 7
b cbc
c copycat
d 2
e ncip
f 20
g y-gencatlg
942 ## - ADDED ENTRY ELEMENTS (KOHA)
Source of classification or shelving scheme
Koha item type Books - Non Ficton
Holdings
Withdrawn status Lost status Source of classification or shelving scheme Damaged status Not for loan Collection code Permanent Location Current Location Shelving location Date acquired Total Checkouts Full call number Barcode Date due Date last seen Date last checked out Price effective from Koha item type
          Non-Fiction KH8 Primary School Library KH8 Primary School Library Non Fiction 2023-03-03 5 510 POS KHPL000003791 2023-06-14 2023-05-31 2023-05-31 2023-03-03 Books - Non Ficton

Powered By KH8 IT Dept